Quiz Cristiano Ronaldo - Statistiques

Statistiques générales
  • Ce quiz a été pris 111 fois
  • Le résultat moyen est 5 sur 16
Statistiques - réponses
Indice Réponses % Correct
Numéro 7
96%
Pays Portugal
86%
Petite amie Georgina Rodriguez
57%
Rival Messi
57%
Place dans le classement des meilleurs joueurs du monde 1
43%
Nom entier Cristiano Ronaldo dos Santos Aveiro
41%
Couleur des yeux Brun
30%
Date de naissance 05/02/1986
24%
Nombre de goal pour le Real Madrid 450
22%
Taille 1m87
20%
Premier club Sporting Lisbonne
19%
Équipe Al-Nassr FC
16%
Lieu de naissance Funchal
16%
Surnom El Bicho
9%
Nom de ses deux soeurs Elma et Catia
0%
Premier club (junior) FC Andorinha
0%
Aucun quiz correspondant
Distribution des résultats
% des personnes avec chaque résultat
Percentile par nombre de réponses
Votre historique - résultats
Vous n’avez pas pris ce quiz